00636nam a2200193Ia 4500008004100000020001400041082001600055100002500071245005800096250000800154260003600162300002900198500001900227600002700246650001500273942000700288952013200295999001500427240925s9999 xx 000 0 und d a133344835 a621.317 RAS aRashid, Muhammad H. 0aPower Electronics: circuits, devices and applications a2nd aLondon:bPrentice, Hallc,1993. axviii,827p.bNAfPirated aIncludes Index aElectronic Engineering aTechnology cBK 001040708ELaUITUbUITUd1997-03-20eVariety Book Stall g100.00l0o621.317 RASpQ0948r2024-09-25 07:12:16w2024-09-25yBK c3447d3447